000 00898 a2200301 4500
001 200130563
003 TR-AnTOB
005 20250801094101.0
008 160507b tu n0 0 0
022 _a1304429X
040 _aTR-AnTOB
_beng
_cTR-AnTOB
_erda
041 _atur
050 _aH8
_b.T9 MUS
090 _aH8 .T9 MUS
099 _aJOURNAL - MKÜ SO
245 0 _aMustafa Kemal Üniversitesi Sosyal Bilimler Enstitüsü Dergisi
260 _aAntakya;:
_bMustafa Kemal Üniversitesi
300 _av.
_c24 cm
310 _aYılda iki sayı
336 _atext
_btxt
_2rdacontent
337 _aunmediated
_bn
_2rdamedia
338 _avolume
_bnc
_2rdacarrier
650 7 _aSosyal bilimler
_vSüreli yayınlar
_2etuturkob
_993212
650 0 _aSocial sciences
_vPeriodicals
_964637
856 _uhttps://dergipark.org.tr/tr/pub/hmkusbed
_zOpen Access
942 _cCR
_2lcc
999 _c200130563
_d33498